All Polynesian Languages with a Map - Statistics

General Stats
  • This quiz has been taken 282 times
  • The average score is 11 of 35
Answers on the Map
Answers color-coded by a green-red scale on the quiz's map according to % correct below.
 
Answer Stats
Speakers (L1) Language group Language % Correct
21 k Tahitic Cook Islands Māori
93%
50 k Tahitic → Māori-Moriori Māori
93%
510 k Samoic Samoan
93%
187 k Tongic Tongan
90%
2.0 k Eastern Polynesian → Marquesic Hawaiian
82%
13 k Ellicean-Outlier Tuvaluan
79%
68 k Tahitic Tahitian
74%
900 Tahitic Rapa
65%
1.0 k Eastern Polynesian Rapa Nui
59%
5.9 k Tongic Niuean
55%
3.7 k Samoic Tokelauan
48%
6.4 k Futunic Futunan
45%
10.4 k Futunic Wallisian
45%
8.7 k Eastern Polynesian → Marquesan-Mangareva Marquesan
27%
5.0 k Tahitic Austral
21%
4.0 k Tahitic Tuamotuan
15%
600 Eastern Polynesian → Marquesan-Mangareva Mangarevan
13%
500 Tongic Niuafoʻou
10%
2.2 k Futunic West Uvean
9%
3.0 k Ellicean-Outlier Kapingamarangi
8%
700 Ellicean-Outlier Nukuoro
7%
2.4 k Futunic Pukapukan
7%
4.4 k Futunic Rennellese
7%
270 Futunic Anuta
6%
2.4 k Ellicean-Outlier Ontong Java
6%
200 Tahitic Penrhyn
6%
2.7 k Tahitic Rakahanga-Manihiki
6%
730 Ellicean-Outlier Sikaiana
6%
1.8 k Ellicean-Outlier Takuu
6%
400 Futunic Emae
5%
1.5 k Futunic Futuna-Aniwa
5%
3.5 k Futunic Mele-Fila
5%
700 Ellicean-Outlier Nukumanu
5%
3.3 k Futunic Tikopia
5%
1.7 k Ellicean-Outlier Vaeakau-Taumako
5%
No matching quizzes found
Score Distribution
Percent of People with Each Score
Percentile by Number Answered
Your Score History
You have not taken this quiz